[Event "Champ FRA - Under 8"]
[Site "Europe Echecs"]
[Date "2020.07.06"]
[Round "1"]
[Time "14:00:04"]
[PlyCount "40"]
[White "TchaplyguineNi"]
[Black "SailhanDinhAle"]
[WhiteElo "1090"]
[BlackElo "799"]
[Mode "WEB"]
[Result "1-0"]

1. e4 e5 2. Nf3 Bc5 3. Nxe5 Qh4 4. Qf3 Nf6 5. g3 Qh5 6. Qxh5 Nxh5 7. Bg2 Nf6 8.
Nc3 d6 9. Nf3 Ng4 10. d4 Nxf2 11. Kxf2 Bxd4+ 12. Nxd4 Nc6 13. Nxc6 Rb8 14. Nxb8
Ke7 15. Re1 Bh3 16. Bxh3 Rxb8 17. e5 Kf8 18. exd6 Re8 19. d7 Kg8 20. dxe8=Q# {SailhanDinhAle est échec et mat} 1-0

[Event "Champ FRA - Under 8"]
[Site "Europe Echecs"]
[Date "2020.07.06"]
[Round "1"]
[Time "14:00:04"]
[PlyCount "80"]
[White "StoyanovVictor"]
[Black "PeuzinNoan"]
[WhiteElo "799"]
[BlackElo "1080"]
[Mode "WEB"]
[Result "1-0"]

1. d4 d5 2. c4 dxc4 3. e4 e5 4. dxe5 Bb4+ 5. Bd2 Nc6 6. f4 h5 7. Nc3 Bg4 8. Be2
Bxe2 9. Qxe2 Nf6 10. a3 Ng4 11. h3 Nh6 12. Nf3 O-O 13. O-O Nd4 14. Nxd4 Qxd4+
15. Qe3 Qd7 16. Rac1 Rfe8 17. g4 Bxc3 18. Bxc3 Qb5 19. gxh5 Qd7 20. Rcd1 Qe7 21.
Bd4 Red8 22. Bxa7 Rxd1 23. Rxd1 Qh4 24. Bd4 Qxh5 25. Rd2 Qg6+ 26. Kf1 Qa6 27.
Rc2 Qa4 28. Rc3 Qd1+ 29. Kf2 Rd8 30. Rxc4 b5 31. Rb4 c5 32. Rxb5 Rxd4 33. Rxc5
Rd2+ 34. Kg3 Rxb2 35. Rc8+ Kh7 36. Qf3 Qg1+ 37. Kh4 g5+ 38. fxg5 Ng8 39. Qxf7+
Kh8 40. Qxg8# {PeuzinNoan est échec et mat} 1-0

[Event "Champ FRA - Under 8"]
[Site "Europe Echecs"]
[Date "2020.07.06"]
[Round "1"]
[Time "14:00:04"]
[PlyCount "31"]
[White "VidalRaphael"]
[Black "LeblancCondeEv"]
[WhiteElo "799"]
[BlackElo "1067"]
[Mode "WEB"]
[Result "0-1"]

1. e4 e6 2. d4 d5 3. e5 c5 4. dxc5 Bxc5 5. Nc3 Nc6 6. Nf3 Qb6 7. Na4 Bxf2+ 8.
Kd2 Qa5+ 9. Ke2 Qxa4 10. b3 Qb5+ 11. c4 Qb6 12. cxd5 exd5 13. Ng5 h6 14. Nf3
Nge7 15. Be3 Qxe3# {VidalRaphael est échec et mat} 0-1

[Event "Champ FRA - Under 8"]
[Site "Europe Echecs"]
[Date "2020.07.06"]
[Round "2"]
[Time "14:26:13"]
[PlyCount "48"]
[White "ArnouldMaxime"]
[Black "SaintjoresMeli"]
[WhiteElo "1450"]
[BlackElo "1100"]
[Mode "WEB"]
[Result "1-0"]

1. e4 c5 2. Nc3 d6 3. d4 cxd4 4. Qxd4 Nc6 5. Qd1 Nf6 6. Bg5 Bg4 7. Nf3 Bxf3 8.
Qxf3 Nd4 9. Qd1 Qb6 10. Bxf6 exf6 11. Nd5 Qa5+ 12. c3 Nc6 13. b4 Qd8 14. Bb5 f5
15. exf5 Qg5 16. Nc7+ Kd8 17. Nxa8 Kc8 18. Qf3 Qe7+ 19. Kf1 Qe5 20. Re1 Qxb5+
21. Kg1 Qa4 22. Qe3 Be7 23. Qf4 d5 24. Qc7# {SaintjoresMeli est échec et mat} 1-0

[Event "Champ FRA - Under 8"]
[Site "Europe Echecs"]
[Date "2020.07.06"]
[Round "2"]
[Time "14:26:13"]
[PlyCount "119"]
[White "GurevichMichel"]
[Black "DavidianAron"]
[WhiteElo "1107"]
[BlackElo "1369"]
[Mode "WEB"]
[Result "0-1"]

1. e4 c5 2. Nf3 d6 3. d4 cxd4 4. Nxd4 Nf6 5. Nc3 g6 6. Bd3 Bg7 7. O-O O-O 8. Re1
Nc6 9. Nf3 a6 10. Bc4 b5 11. Bb3 Bb7 12. Ng5 e6 13. Bxe6 fxe6 14. Nxe6 Qe7 15.
Nxf8 Rxf8 16. Nd5 Qf7 17. Nxf6+ Qxf6 18. Rf1 Nd4 19. c3 Ne6 20. Qxd6 Bxe4 21. f3
Bf5 22. Qxa6 Qh4 23. Qxb5 Nf4 24. Bxf4 Qxf4 25. a4 Qe3+ 26. Rf2 Bd3 27. Qd5+ Kh8
28. a5 Rf6 29. Qa8+ Rf8 30. Qd5 h6 31. a6 Re8 32. h3 Bxa6 33. Rxa6 Qe1+ 34. Kh2
Be5+ 35. g3 Qxf2+ 36. Kh1 Qf1+ 37. Kh2 Qxa6 38. Qd7 Qe2+ 39. Kg1 Bxg3 40. Qd4+
Qe5 41. Qxe5+ Rxe5 42. Kg2 Bh4 43. f4 Re2+ 44. Kf3 Rxb2 45. c4 Rc2 46. Kg4 Bf6
47. f5 h5+ 48. Kf4 Rf2+ 49. Ke4 Rxf5 50. Kd3 g5 51. Kc2 g4 52. hxg4 hxg4 53. Kb3
g3 54. Kb4 g2 55. c5 g1=Q 56. Kb5 Qxc5+ 57. Ka4 Rf4+ 58. Kb3 Qc3+ 59. Ka2 Qb2# {GurevichMichel est échec et mat} 0-1

[Event "Champ FRA - Under 8"]
[Site "Europe Echecs"]
[Date "2020.07.06"]
[Round "2"]
[Time "14:26:13"]
[PlyCount "60"]
[White "SamouelianSola"]
[Black "RogerAolis"]
[WhiteElo "1349"]
[BlackElo "1098"]
[Mode "WEB"]
[Result "1-0"]

1. e4 d5 2. exd5 Nf6 3. c4 e6 4. dxe6 Bd7 5. exd7+ Qxd7 6. Nc3 Bb4 7. d4 Ne4 8.
Qd3 Qe7 9. Be2 Nc6 10. Nf3 O-O-O 11. O-O Nc5 12. Qf5+ Nd7 13. Be3 Bxc3 14. bxc3
Rhe8 15. d5 g6 16. Qg5 Nce5 17. Nxe5 Nxe5 18. Qxe7 Rxe7 19. Bg5 Rde8 20. Bxe7
Rxe7 21. f4 Nc6 22. Bg4+ f5 23. Bxf5+ gxf5 24. dxc6 bxc6 25. Rae1 Rd7 26. Re8+
Kb7 27. Rb1+ Ka6 28. Reb8 Rg7 29. R8b3 Ka5 30. Ra3# {RogerAolis est échec et mat} 1-0

[Event "Champ FRA - Under 8"]
[Site "Europe Echecs"]
[Date "2020.07.06"]
[Round "2"]
[Time "14:26:13"]
[PlyCount "29"]
[White "DoucetJeanGabr"]
[Black "SteinmetzBapti"]
[WhiteElo "1100"]
[BlackElo "1290"]
[Mode "WEB"]
[Result "0-1"]

1. e4 e5 2. Bc4 Nf6 3. Nc3 Bc5 4. Nb1 Nxe4 5. Qh5 Qf6 6. Nf3 Nxf2 7. Rf1 d6 8.
Ng5 g6 9. Qh6 Be6 10. Nxh7 Qf5 11. Qg7 Rxh7 12. Qxh7 Bxc4 13. Qg8+ Ke7 14. Rh1
Qe4# {DoucetJeanGabr est échec et mat} 0-1

[Event "Champ FRA - Under 8"]
[Site "Europe Echecs"]
[Date "2020.07.06"]
[Round "2"]
[Time "14:26:13"]
[PlyCount "38"]
[White "RibreauAnna"]
[Black "RosuMatei"]
[WhiteElo "1280"]
[BlackElo "1091"]
[Mode "WEB"]
[Result "1-0"]

1. c4 e5 2. Nc3 Nf6 3. g3 Nc6 4. Bg2 d6 5. d3 Bf5 6. Bg5 h6 7. Bxf6 Qxf6 8. Nf3
O-O-O 9. O-O Re8 10. e4 Bg4 11. Nd5 Bxf3 12. Bxf3 Qe6 13. Bg4 f5 14. Bxf5 Qxf5
15. exf5 Nd4 16. Qh5 Rd8 17. Qf7 Nf3+ 18. Kg2 Ng5 19. Qxc7# {RosuMatei est échec et mat} 1-0

[Event "Champ FRA - Under 8"]
[Site "Europe Echecs"]
[Date "2020.07.06"]
[Round "2"]
[Time "14:26:13"]
[PlyCount "69"]
[White "BriquetTom"]
[Black "MartellierAnto"]
[WhiteElo "1099"]
[BlackElo "1262"]
[Mode "WEB"]
[Result "0-1"]

1. e4 d5 2. exd5 Nf6 3. Nc3 Nxd5 4. d4 Bf5 5. Nf3 e6 6. Nxd5 Qxd5 7. Bd3 Bxd3 8.
Qxd3 Nc6 9. Be3 O-O-O 10. c3 e5 11. Nd2 exd4 12. cxd4 Nxd4 13. Bxd4 Qxd4 14.
Qxd4 Rxd4 15. Nf3 Bb4+ 16. Ke2 Re8+ 17. Ne5 Rxe5+ 18. Kf3 Rd2 19. g3 Ree2 20.
Rhf1 Rxb2 21. Rad1 Rxa2 22. Kg4 Rxf2 23. Rg1 Rxh2 24. Rd4 Bc5 25. Rgd1 Bxd4 26.
Rxd4 Rhd2 27. Re4 Rd8 28. Re7 Rd7 29. Re8+ Rd8 30. Re7 Rf2 31. Kh3 Rdd2 32. Re8+
Kd7 33. Ra8 f5 34. Rxa7 Rh2# {BriquetTom est échec et mat} 0-1

[Event "Champ FRA - Under 8"]
[Site "Europe Echecs"]
[Date "2020.07.06"]
[Round "2"]
[Time "14:26:13"]
[PlyCount "102"]
[White "CharrierShayan"]
[Black "TchaplyguineNi"]
[WhiteElo "1260"]
[BlackElo "1090"]
[Mode "WEB"]
[Result "1-0"]

1. d4 d5 2. Nf3 Nc6 3. Bf4 Bg4 4. e3 e6 5. h3 Bxf3 6. Qxf3 Nf6 7. c3 Bd6 8. Bxd6
Qxd6 9. Bd3 h6 10. Nd2 e5 11. dxe5 Nxe5 12. Qe2 Nc6 13. Nf3 Ne7 14. Bc2 c5 15.
Ba4+ Nc6 16. O-O-O Qc7 17. Kb1 Nh7 18. Rxd5 a6 19. Rxc5 b5 20. Bc2 Qb6 21. Rd5
Nf6 22. Rd2 b4 23. c4 a5 24. Ba4 Ne4 25. Rd5 O-O 26. Bc2 Nf6 27. Qd3 Ne7 28. Rf5
Ng6 29. h4 h5 30. Ne5 Nxe5 31. Rxe5 a4 32. Rf5 g6 33. Rg5 Kg7 34. Qd4 Qxd4 35.
exd4 Rab8 36. Rg3 Kg8 37. Rhh3 Nh7 38. Rf3 a3 39. b3 Rfd8 40. d5 Nf8 41. Rf6 Re8
42. Re3 Red8 43. Re7 Re8 44. Rfxf7 Kh8 45. Kc1 Rxe7 46. Rxe7 Rd8 47. Kd2 Nh7 48.
Bxg6 Nf6 49. Rf7 Ng4 50. Bxh5 Ne5 51. Re7 {TchaplyguineNi a abandonné} 1-0

[Event "Champ FRA - Under 8"]
[Site "Europe Echecs"]
[Date "2020.07.06"]
[Round "2"]
[Time "14:26:13"]
[PlyCount "47"]
[White "PerrinStephane"]
[Black "TuMathias"]
[WhiteElo "1260"]
[BlackElo "1051"]
[Mode "WEB"]
[Result "0-1"]

1. e4 e5 2. Nf3 Nc6 3. Nc3 Nf6 4. Bc4 Nxe4 5. Nxe4 d5 6. Bd3 dxe4 7. Bxe4 Bg4 8.
d3 Bc5 9. Be3 Bb6 10. O-O O-O 11. h3 Bh5 12. c4 Bd4 13. Nxd4 Bxd1 14. Rfxd1 Nxd4
15. Rac1 Ne2+ 16. Kh1 Nxc1 17. Rxc1 f5 18. Bf3 c6 19. Rg1 Qxd3 20. g4 Qxc4 21.
gxf5 Rxf5 22. Rg3 Qf1+ 23. Rg1 Qxh3# {PerrinStephane est échec et mat} 0-1

[Event "Champ FRA - Under 8"]
[Site "Europe Echecs"]
[Date "2020.07.06"]
[Round "2"]
[Time "14:26:13"]
[PlyCount "106"]
[White "AkyuzEnes"]
[Black "ToNamLong"]
[WhiteElo "1092"]
[BlackElo "1260"]
[Mode "WEB"]
[Result "1-0"]

1. e4 d6 2. d4 Nf6 3. Nc3 Nbd7 4. Nf3 e5 5. dxe5 dxe5 6. Bg5 c6 7. Bc4 Qc7 8.
O-O Be7 9. Re1 h6 10. Bh4 g5 11. Bg3 Nf8 12. Bxe5 Qd8 13. Qxd8+ Bxd8 14. Rad1
Ng6 15. Rxd8+ Kxd8 16. Bxf6+ Ke8 17. Bxh8 Nxh8 18. e5 Ng6 19. e6 fxe6 20. Bxe6
Bxe6 21. Rxe6+ Kf7 22. Re3 Rd8 23. g3 b5 24. Ne5+ Nxe5 25. Rxe5 b4 26. Ne4 Rd1+
27. Kg2 Ra1 28. Rc5 Rxa2 29. Rxc6 Rxb2 30. Nd6+ Kg7 31. Nf5+ Kh7 32. Rxh6+ Kg8
33. Ne3 a5 34. Ra6 Ra2 35. Nc4 a4 36. Rb6 b3 37. cxb3 axb3 38. Rxb3 Ra4 39. Rc3
Rb4 40. Kf3 Ra4 41. Kg4 Rb4 42. Kxg5 Ra4 43. h4 Rb4 44. h5 Ra4 45. h6 Rb4 46. f4
Ra4 47. f5 Rb4 48. g4 Ra4 49. Kg6 Rb4 50. g5 Rb8 51. f6 Rb7 52. Nd6 Rd7 53. Rc8+ {ToNamLong a abandonné} 1-0

[Event "Champ FRA - Under 8"]
[Site "Europe Echecs"]
[Date "2020.07.06"]
[Round "2"]
[Time "14:26:13"]
[PlyCount "71"]
[White "ButotQuentin"]
[Black "LetellierTimot"]
[WhiteElo "1250"]
[BlackElo "1027"]
[Mode "WEB"]
[Result "0-1"]

1. e4 c5 2. Nc3 d6 3. Nf3 Nc6 4. Bc4 Bd7 5. O-O e6 6. b3 Nf6 7. Bb2 Be7 8. Bb5
O-O 9. Qe2 a6 10. Bc4 Nd4 11. Nxd4 cxd4 12. Na4 Bxa4 13. bxa4 Qb6 14. Qd3 Qxb2
15. Bb3 Qa3 16. Rab1 Qc5 17. Bc4 Rab8 18. c3 dxc3 19. dxc3 d5 20. exd5 exd5 21.
Bb3 Rfd8 22. Bc2 d4 23. Rfe1 dxc3 24. Qe2 Rd7 25. Bf5 Rc7 26. Rbd1 Qxf5 27. Qe5
Qxe5 28. Rxe5 c2 29. Rc1 Ba3 30. Rce1 c1=Q 31. h3 Qc3 32. R1e3 Qb4 33. Rb3 Qf4
34. Ree3 Rc1+ 35. Re1 Rxe1# {ButotQuentin est échec et mat} 0-1

[Event "Champ FRA - Under 8"]
[Site "Europe Echecs"]
[Date "2020.07.06"]
[Round "2"]
[Time "14:26:13"]
[PlyCount "87"]
[White "MauryTom"]
[Black "SchluppLea"]
[WhiteElo "1240"]
[BlackElo "960"]
[Mode "WEB"]
[Result "0-1"]

1. e4 e5 2. Nf3 Nc6 3. Bc4 Bc5 4. c3 d6 5. d4 exd4 6. cxd4 Bb4+ 7. Bd2 Be6 8.
Bxe6 fxe6 9. Bxb4 Nxb4 10. Qb3 Nc6 11. Qxe6+ Nge7 12. d5 Nb4 13. Na3 a5 14. O-O
Nd3 15. b3 Nf4 16. Ng5 Nxe6 17. dxe6 Nc6 18. Nf7 Qe7 19. Nxh8 Qxe6 20. Nb5 Rc8
21. f3 Kd7 22. Rfd1 Rxh8 23. Rac1 Re8 24. g3 Rc8 25. e5 Qxe5 26. Nc3 Qe3+ 27.
Kf1 Qxf3+ 28. Ke1 Re8+ 29. Kd2 Qe3+ 30. Kc2 Nb4+ 31. Kb2 Nd3+ 32. Kc2 Nb4+ 33.
Kb1 Nd3 34. Kc2 Nxc1 35. Rxc1 Qf2+ 36. Kb1 Qd2 37. Rc2 Qd3 38. Kb2 Re3 39. a3
Kc6 40. g4 b6 41. Ka2 Qxc2+ 42. Ka1 Re1+ 43. Nb1 Qxb1# {MauryTom est échec et mat} 0-1

[Event "Champ FRA - Under 8"]
[Site "Europe Echecs"]
[Date "2020.07.06"]
[Round "2"]
[Time "14:26:13"]
[PlyCount "72"]
[White "LarroumetsAugu"]
[Black "MelkumyanDavid"]
[WhiteElo "1090"]
[BlackElo "1240"]
[Mode "WEB"]
[Result "1-0"]

1. d4 d5 2. Nc3 Nf6 3. Bf4 Bf5 4. Nf3 e6 5. e3 a6 6. Qe2 Nc6 7. O-O-O Bb4 8. a3
Bxc3 9. bxc3 Ne4 10. Ne5 Nxe5 11. Bxe5 Nxc3 12. Qf3 Nxd1 13. Qxd1 O-O 14. Qh5 f6
15. Bf4 Qe8 16. Qh4 Qc6 17. Kd1 Qxc2+ 18. Ke1 Qc1+ 19. Ke2 Qc2+ 20. Ke1 Qc3+ 21.
Ke2 g5 22. Qg3 Qc2+ 23. Ke1 Qc1+ 24. Ke2 Qc4+ 25. Ke1 Qc3+ 26. Ke2 Qxa3 27. Bxc7
Rfc8 28. Bd6 Rc2+ 29. Kf3 Be4+ 30. Kg4 Bf5+ 31. Kh5 Qxd6 32. Qxd6 Rxf2 33. g4
Bg6+ 34. Kh6 Rf3 35. Qe7 Rxe3 36. Qg7# {MelkumyanDavid est échec et mat} 1-0

[Event "Champ FRA - Under 8"]
[Site "Europe Echecs"]
[Date "2020.07.06"]
[Round "2"]
[Time "14:26:13"]
[PlyCount "72"]
[White "NottperaltaGab"]
[Black "KermarrecHugo"]
[WhiteElo "1231"]
[BlackElo "950"]
[Mode "WEB"]
[Result "1-0"]

1. e4 e5 2. Nf3 Qf6 3. d3 Bc5 4. Bg5 Qg6 5. Nc3 f6 6. Bd2 f5 7. Nd5 c6 8. Nc7+
Kd8 9. Nxa8 f4 10. Ba5+ Ke8 11. Nc7+ Kd8 12. Ne6+ Ke7 13. Nxc5 Nf6 14. Bb4 Ng4
15. Nxd7+ Kxd7 16. h3 Nf6 17. Nxe5+ Ke6 18. Nxg6 hxg6 19. Qe2 Nfd7 20. d4 Nb6
21. Bc5 Na4 22. Qc4+ Kf6 23. Qxa4 b5 24. Qxa7 Nd7 25. e5+ Ke6 26. a4 bxa4 27.
Bc4+ Kf5 28. g4+ Ke4 29. O-O Rxh3 30. Rae1+ Kf3 31. Re3+ Kxg4 32. Be6+ Kh4 33.
Rxh3+ Kg5 34. Be7+ Nf6 35. exf6 gxf6 36. Qc5# {KermarrecHugo est échec et mat} 1-0

[Event "Champ FRA - Under 8"]
[Site "Europe Echecs"]
[Date "2020.07.06"]
[Round "2"]
[Time "14:26:13"]
[PlyCount "65"]
[White "LequangEnzo"]
[Black "DuquesneAdrien"]
[WhiteElo "1068"]
[BlackElo "1230"]
[Mode "WEB"]
[Result "0-1"]

1. e4 e5 2. Nf3 Nc6 3. Bc4 Bc5 4. Nc3 Nf6 5. d3 Ng4 6. O-O Nxf2 7. Rxf2 Bxf2+ 8.
Kxf2 O-O 9. Be3 Na5 10. Bb3 Nxb3 11. axb3 d6 12. Kg1 h6 13. Rxa7 Rxa7 14. Bxa7
b6 15. Qa1 Bg4 16. Nd2 Qa8 17. Nd5 c6 18. Nxb6 Qb7 19. Nbc4 Ra8 20. Nxd6 Qxa7+
21. Qxa7 Rxa7 22. N2c4 Bd1 23. Nxe5 Bxc2 24. Nxc6 Ra6 25. Nb4 Rxd6 26. Nxc2 Rxd3
27. b4 Rb3 28. Kf2 Rxb2 29. Ke3 Rxc2 30. b5 Rb2 31. Kd4 Rxb5 32. Kc4 Rb2 {LequangEnzo a abandonné} 0-1

[Event "Champ FRA - Under 8"]
[Site "Europe Echecs"]
[Date "2020.07.06"]
[Round "2"]
[Time "14:26:13"]
[PlyCount "139"]
[White "LeblancCondeEv"]
[Black "TavaresRibeiro"]
[WhiteElo "1067"]
[BlackElo "1225"]
[Mode "WEB"]
[Result "0-1"]

1. e4 c5 2. Nf3 Nc6 3. Bc4 g6 4. Nc3 Bg7 5. O-O Nf6 6. Re1 O-O 7. d3 e6 8. Bg5
Qc7 9. Qd2 b6 10. Rad1 Bb7 11. Nb5 Qc8 12. Nd6 Qc7 13. e5 Ng4 14. Nxb7 Qxb7 15.
h3 Ngxe5 16. Nxe5 Nxe5 17. Bf4 Nc6 18. Rb1 d5 19. Bb3 Rfd8 20. a3 c4 21. Ba2
cxd3 22. Qxd3 Rac8 23. c3 Ne7 24. Qd2 Nf5 25. g4 Nd6 26. Bh6 Ne4 27. Qe3 Rd7 28.
Bxg7 Kxg7 29. Qd4+ Kg8 30. Rbd1 Rcd8 31. Bb1 Ng5 32. Kh2 Nf3+ 33. Kg3 Nxd4 34.
Rxd4 Qc7+ 35. Kg2 Qc6 36. Red1 Kg7 37. Bc2 Qc7 38. Ba4 Rd6 39. Bb3 e5 40. Rxd5
Rxd5 41. Rxd5 Qc6 42. c4 b5 43. Kg1 Rxd5 44. cxd5 Qd6 45. Kg2 e4 46. Kf1 b4 47.
a4 a6 48. Ke2 Qf4 49. Ba2 Qf3+ 50. Ke1 Qxh3 51. g5 Qh1+ 52. Ke2 Qf3+ 53. Ke1 Qf5
54. Ke2 f6 55. gxf6+ Kxf6 56. f3 Qxf3+ 57. Ke1 Qh1+ 58. Ke2 Qh2+ 59. Ke3 Qxb2
60. Bc4 Qc3+ 61. Kxe4 Qxc4+ 62. Ke3 Qxd5 63. Ke2 Qb3 64. Ke1 Qc2 65. Kf1 Qd2 66.
Kg1 Kg5 67. Kh1 Kh4 68. Kg1 Kg3 69. Kf1 Qf2# {LeblancCondeEv est échec et mat} 0-1

[Event "Champ FRA - Under 8"]
[Site "Europe Echecs"]
[Date "2020.07.06"]
[Round "2"]
[Time "14:26:13"]
[PlyCount "80"]
[White "GongAlex"]
[Black "CharrierMojane"]
[WhiteElo "1062"]
[BlackElo "1190"]
[Mode "WEB"]
[Result "1-0"]

1. e4 e5 2. Nf3 Nc6 3. Bc4 Bc5 4. d3 f6 5. Nc3 d6 6. a3 Bd7 7. Be3 Bb6 8. Nd5
Nge7 9. Nxb6 axb6 10. O-O Ng6 11. h3 Qe7 12. b4 Be6 13. Bxe6 Qxe6 14. c4 O-O 15.
b5 Na5 16. Nd2 Nh4 17. f4 Qf7 18. Bf2 Ng6 19. fxe5 Nf4 20. Qf3 Ne6 21. exd6 cxd6
22. Bg3 Rad8 23. Rad1 Nb3 24. Nxb3 Qg6 25. d4 h5 26. d5 Nc5 27. Nxc5 bxc5 28.
Bh2 Rde8 29. Rde1 Re7 30. Bxd6 Rd7 31. Bxf8 Kxf8 32. Qf5 Qg3 33. Qxd7 b6 34.
Qd8+ Kf7 35. d6 Qxa3 36. Qe7+ Kg8 37. d7 Kh7 38. d8=Q Qb4 39. Qdf8 Qxc4 40.
Qexg7# {CharrierMojane est échec et mat} 1-0

[Event "Champ FRA - Under 8"]
[Site "Europe Echecs"]
[Date "2020.07.06"]
[Round "2"]
[Time "14:26:13"]
[PlyCount "47"]
[White "CoutonTheo"]
[Black "BennaniJohan"]
[WhiteElo "1190"]
[BlackElo "940"]
[Mode "WEB"]
[Result "0-1"]

1. e4 e5 2. Nf3 Nc6 3. Bc4 Nf6 4. Nc3 d5 5. Nxd5 Nxd5 6. Bxd5 Be6 7. Bxe6 fxe6
8. c3 Bc5 9. d4 exd4 10. cxd4 Nxd4 11. Be3 Nxf3+ 12. gxf3 Bxe3 13. Qe2 Bc5 14.
Rd1 Qh4 15. Rg1 O-O 16. Rg4 Qxh2 17. Qf1 Bb4+ 18. Rd2 Bxd2+ 19. Kxd2 Rad8+ 20.
Ke2 Rf4 21. Rg2 Qh5 22. Qg1 Qxf3+ 23. Kf1 Rd1# {CoutonTheo est échec et mat} 0-1

[Event "Champ FRA - Under 8"]
[Site "Europe Echecs"]
[Date "2020.07.06"]
[Round "2"]
[Time "14:26:13"]
[PlyCount "107"]
[White "DoucetPaulLoup"]
[Black "BauerPierre"]
[WhiteElo "1060"]
[BlackElo "1187"]
[Mode "WEB"]
[Result "0-1"]

1. e4 e5 2. Nf3 Nf6 3. Nxe5 d6 4. d4 dxe5 5. dxe5 Qxd1+ 6. Kxd1 Nxe4 7. Nc3
Nxf2+ 8. Ke1 Nxh1 9. Bc4 Bc5 10. Bf4 O-O 11. Kf1 Bf5 12. Nd5 Na6 13. Bxa6 bxa6
14. Nxc7 Rac8 15. Nxa6 Nf2 16. Nxc5 Rxc5 17. Kxf2 Rxc2+ 18. Kg3 Rxb2 19. h4 f6
20. exf6 Rxf6 21. Bg5 Rg6 22. a4 h6 23. Kf4 Rb4+ 24. Kxf5 Ra6 25. Be7 Rbxa4 26.
Rxa4 Rxa4 27. h5 a5 28. g4 Ra1 29. g5 hxg5 30. Bxg5 a4 31. h6 gxh6 32. Bf6 Rf1+
33. Kg6 Rxf6+ 34. Kxf6 a3 35. Kg6 a2 36. Kxh6 a1=Q 37. Kg5 Qa4 38. Kf6 Qb5 39.
Kg6 Qd7 40. Kg5 Qd6 41. Kf5 Kf7 42. Ke4 Qc5 43. Kd3 Qb4 44. Kc2 Qa3 45. Kd2 Ke6
46. Kc2 Kd5 47. Kb1 Kc4 48. Kc2 Qc3+ 49. Kd1 Qb2 50. Ke1 Kd3 51. Kf1 Ke3 52. Kg1
Kf3 53. Kh1 Qg2# {DoucetPaulLoup est échec et mat} 0-1

[Event "Champ FRA - Under 8"]
[Site "Europe Echecs"]
[Date "2020.07.06"]
[Round "2"]
[Time "14:26:13"]
[PlyCount "37"]
[White "CassagneresCha"]
[Black "RomeroAlexandr"]
[WhiteElo "1180"]
[BlackElo "900"]
[Mode "WEB"]
[Result "0-1"]

1. e4 e6 2. d4 d5 3. Nc3 dxe4 4. Nxe4 f5 5. Ng3 Nf6 6. Bc4 Nc6 7. N3e2 e5 8. Nf3
exd4 9. Nfxd4 Nxd4 10. Nxd4 Bc5 11. c3 Bd7 12. O-O Ng4 13. h3 h5 14. hxg4 hxg4
15. Nxf5 Bxf5 16. Bd2 Qh4 17. Re1+ Be7 18. g3 Qh1# {CassagneresCha est échec et mat} 0-1

[Event "Champ FRA - Under 8"]
[Site "Europe Echecs"]
[Date "2020.07.06"]
[Round "2"]
[Time "14:26:13"]
[PlyCount "51"]
[White "SakiOmar"]
[Black "VoglerRomain"]
[WhiteElo "1044"]
[BlackElo "1171"]
[Mode "WEB"]
[Result "0-1"]

1. e4 c5 2. Nc3 d6 3. Bb5+ Bd7 4. Bc4 Nf6 5. d3 Nc6 6. Bf4 g6 7. Qf3 Bg7 8.
O-O-O O-O 9. Qe3 Re8 10. Bh6 Bh8 11. Nf3 Ng4 12. Ng5 Bg7 13. Qf3 Nxh6 14. Bxf7+
Nxf7 15. Qxf7+ Kh8 16. Qf4 Rf8 17. Qh4 h6 18. Ne2 Qb6 19. Nf4 Rxf4 20. Qxf4 hxg5
21. Qxg5 Qxb2+ 22. Kd2 Nd4 23. Rc1 Rf8 24. Rce1 Qxc2+ 25. Ke3 Qxf2# {SakiOmar est échec et mat} 0-1

[Event "Champ FRA - Under 8"]
[Site "Europe Echecs"]
[Date "2020.07.06"]
[Round "2"]
[Time "14:26:13"]
[PlyCount "129"]
[White "PopThomas"]
[Black "LandolsiIyad"]
[WhiteElo "1030"]
[BlackElo "1158"]
[Mode "WEB"]
[Result "0-1"]

1. e4 c5 2. Nc3 Nc6 3. Nf3 g6 4. Bc4 Bg7 5. d3 Nf6 6. Bf4 O-O 7. Ne5 Nxe5 8.
Bxe5 d6 9. Bg3 Bd7 10. O-O a6 11. Re1 b5 12. Bb3 Qb6 13. Bd5 Rac8 14. e5 dxe5
15. Rxe5 e6 16. Bf3 Bc6 17. Bxc6 Rxc6 18. Re1 Rd8 19. Ne4 Nxe4 20. Rxe4 Bxb2 21.
Rb1 Bg7 22. Be5 Bxe5 23. Rxe5 Qc7 24. Re1 c4 25. Re3 Rcd6 26. Qe2 cxd3 27. cxd3
Qd7 28. Rd1 Rd5 29. g3 Qe7 30. Re5 Rxe5 31. Qxe5 Qd6 32. Qxd6 Rxd6 33. Kg2 Kg7
34. Kf3 Kf6 35. h4 h5 36. Ke4 e5 37. f4 exf4 38. gxf4 Ke6 39. d4 f5+ 40. Ke3 Kd5
41. Kd3 Re6 42. Rd2 Re4 43. Kc3 a5 44. a3 Rxf4 45. Rd3 Rxh4 46. Rg3 Rg4 47. Rd3
h4 48. Rd1 h3 49. Rd2 Rg3+ 50. Kc2 Rxa3 51. Kb2 Ra4 52. Kc3 Rc4+ 53. Kd3 Rxd4+
54. Ke3 Rxd2 55. Kxd2 h2 56. Ke2 h1=Q 57. Ke3 Qe4+ 58. Kf2 Kd4 59. Kg3 Qg4+ 60.
Kf2 Ke4 61. Kf1 Qf3+ 62. Kg1 Qe2 63. Kh1 Kf3 64. Kg1 Qg2# {PopThomas est échec et mat} 0-1

[Event "Champ FRA - Under 8"]
[Site "Europe Echecs"]
[Date "2020.07.06"]
[Round "2"]
[Time "14:26:13"]
[PlyCount "68"]
[White "TranAmarAndy"]
[Black "MoreauKenan"]
[WhiteElo "1154"]
[BlackElo "820"]
[Mode "WEB"]
[Result "1-0"]

1. d4 d5 2. c4 e6 3. Nc3 Be7 4. Nf3 Nf6 5. Bg5 h6 6. Bh4 O-O 7. e3 b6 8. Bd3
dxc4 9. Bxc4 Bb7 10. Bb3 c5 11. Bc2 Nc6 12. Qd3 Nb4 13. Qd2 Nxc2+ 14. Qxc2 Qc7
15. O-O-O cxd4 16. Nxd4 a6 17. Kb1 b5 18. g4 Bxh1 19. Rxh1 Nxg4 20. Bg3 Bd6 21.
Bh4 Ne5 22. Rg1 b4 23. Bf6 Ng6 24. h4 bxc3 25. b3 Be5 26. Bxe5 Nxe5 27. e4 Rfe8
28. Qc1 Kf8 29. f4 Nd3 30. Qc2 Nxf4 31. Rf1 Red8 32. Qf2 e5 33. Nc2 Rd2 34. Qg3 {MoreauKenan a perdu au temps} 1-0

[Event "Champ FRA - Under 8"]
[Site "Europe Echecs"]
[Date "2020.07.06"]
[Round "2"]
[Time "14:26:13"]
[PlyCount "94"]
[White "RoganovaJeremy"]
[Black "GadoisMelina"]
[WhiteElo "1020"]
[BlackElo "1150"]
[Mode "WEB"]
[Result "1-0"]

1. e4 e5 2. Nf3 Nc6 3. Bc4 Bc5 4. Ng5 Qxg5 5. d3 Qd8 6. O-O Nf6 7. Bg5 O-O 8.
Be3 Bxe3 9. fxe3 d6 10. d4 exd4 11. exd4 Bg4 12. Qd3 Re8 13. e5 dxe5 14. dxe5
Nd7 15. e6 fxe6 16. Re1 Rf8 17. Bxe6+ Kh8 18. Qxd7 Qxd7 19. Bxd7 Rad8 20. Bxg4
Rd6 21. Nc3 Rdf6 22. Bd7 Ne5 23. Rxe5 b6 24. Re8 Rxe8 25. Bxe8 Rf8 26. Bh5 Rf5
27. Bg4 Rg5 28. h3 h5 29. Be6 Re5 30. Bb3 Rb5 31. Nxb5 a6 32. Nxc7 b5 33. Nxa6
b4 34. Nxb4 Kh7 35. Re1 Kh6 36. Re6+ g6 37. Nd5 Kg5 38. g3 Kf5 39. Ne7+ Kg5 40.
h4+ Kh6 41. c4 Kg7 42. Re1 Kf6 43. c5 Kg7 44. c6 Kf6 45. c7 Kg7 46. c8=Q Kf6 47.
Qf8# {GadoisMelina est échec et mat} 1-0

[Event "Champ FRA - Under 8"]
[Site "Europe Echecs"]
[Date "2020.07.06"]
[Round "2"]
[Time "14:26:13"]
[PlyCount "50"]
[White "DeladerriereHe"]
[Black "BousmatAdam"]
[WhiteElo "1141"]
[BlackElo "799"]
[Mode "WEB"]
[Result "1-0"]

1. e4 e5 2. Nf3 Nf6 3. Nxe5 d6 4. Nf3 Nxe4 5. Bc4 Qe7 6. O-O Bg4 7. Re1 Bxf3 8.
Qxf3 d5 9. Bxd5 Nxd2 10. Rxe7+ Bxe7 11. Qxf7+ Kd8 12. Bxd2 Rf8 13. Qxg7 c6 14.
Be6 Nd7 15. Bf4 Nc5 16. Be5 Nxe6 17. Qxh7 Ng5 18. Qd3+ Ke8 19. Nc3 Rd8 20. Qg6+
Kd7 21. Rd1+ Kc8 22. f4 Rg8 23. Qf5+ Ne6 24. Qxe6+ Rd7 25. Qxd7# {BousmatAdam est échec et mat} 1-0

[Event "Champ FRA - Under 8"]
[Site "Europe Echecs"]
[Date "2020.07.06"]
[Round "2"]
[Time "14:26:13"]
[PlyCount "59"]
[White "AboulasseGhita"]
[Black "LacanrusDavid"]
[WhiteElo "1008"]
[BlackElo "1136"]
[Mode "WEB"]
[Result "0-1"]

1. d4 d5 2. c4 e5 3. cxd5 Qxd5 4. dxe5 Qxe5 5. Nf3 Bb4+ 6. Nbd2 Qe7 7. e3 Nf6 8.
Qa4+ Bd7 9. Qb3 O-O 10. Bc4 Nc6 11. a3 Ba5 12. O-O Bb6 13. Re1 Na5 14. Qc3 Rfe8
15. b4 Nxc4 16. Nxc4 Nd5 17. Qc2 Qf6 18. Bb2 Qg6 19. Qxg6 hxg6 20. Nce5 Be6 21.
Rac1 Nf6 22. e4 Rad8 23. a4 a6 24. a5 Ba7 25. Rxc7 Bb8 26. Rxb7 Bxe5 27. Bxe5
Bc8 28. Rc7 Rd3 29. Ng5 Be6 {AboulasseGhita a perdu au temps} 0-1